| 000 | 00712cam a2200205 4500 | ||
|---|---|---|---|
| 001 | D15270 | ||
| 008 | 090401t1984 xxu||||| |||| 00| 0 eng d | ||
| 035 | _a(Sirsi) u21599 | ||
| 041 | _aeng | ||
| 050 | _a658.1552 | ||
| 110 |
_aRoyal Institution of Chartered Surveyors _94900 |
||
| 245 | _aControl of building projects: co-operation or conflict. One-day conference [organised by] RICS, SCALA and CIPFA [at RICS] 17th October 1984 | ||
| 260 |
_aLondon _bSurveyors` Technical Services _c1984 |
||
| 300 | _a4 papers and opening address | ||
| 350 | _a0 | ||
| 520 | _aFiled in box RICS 1984/55. Papers also cataloged separately. | ||
| 710 | _aQuantity Surveyors` Division | ||
| 942 | _n0 | ||
| 948 | _c04/03/1997 | ||
| 999 |
_c88016 _d88016 |
||